=LDR 00000nam 2200000 4500 =001 INLIS000000000033597 =005 20130612135536 =008 ***********************************ind** =035 ##$$0010-061300000033597 =041 ##$$a ind =082 ##$$a 657.3 =090 ##$$a 657.3, Sti a =100 ##$$a STICE, James D =245 ##$$a Akuntansi Keungan, James D. Stice, Earl K. Stice, K. Fred Skousen =260 ##$$a 2009 $b Jakarta =300 ##$$a 2 jil, ilus, 26 cm =650 ##$$a Akutansi Keuangan =700 ##$$a Stice, Earl K =850 ##$$a NBPNMAT